Annual report 2017-18 (Record no. 512009)

000 -LEADER
fixed length control field 00501cam a22001457a 4500
008 - FIXED-LENGTH DATA ELEMENTS--GENERAL INFORMATION
fixed length control field 180718b-- xxu||||| |||| 00| 0 eng d
082 ## - DEWEY DECIMAL CLASSIFICATION NUMBER
Classification number A45:W6/2017-18
100 ## - MAIN ENTRY--PERSONAL NAME
Personal name India. Ministry of Civil Aviation
9 (RLIN) 12650
245 ## - TITLE STATEMENT
Title Annual report 2017-18
260 ## - PUBLICATION, DISTRIBUTION, ETC. (IMPRINT)
Place of publication, distribution, etc New Delhi
Name of publisher, distributor, etc The author
Date of publication, distribution, etc 2018
300 ## - PHYSICAL DESCRIPTION
Extent 114p
500 ## - GENERAL NOTE
General note Library has 1964/65-1966/67, 1970/71-1973/74, 1976/77-1981/82, 1983/84-1984/85, 1992/93-1994/95, 1996/97-2009/10,2017-18
650 ## - SUBJECT ADDED ENTRY--TOPICAL TERM
Topical term or geographic name as entry element Civil aviation - India
9 (RLIN) 12651
942 ## - ADDED ENTRY ELEMENTS (KOHA)
Source of classification or shelving scheme
Holdings
Withdrawn status Lost status Source of classification or shelving scheme Damaged status Koha normalized classification for sorting Not for loan Permanent location Current location Date acquired Full call number Barcode Date last seen Price effective from Koha item type
        A_45W6_201718   Indian Institute of Public Administration Indian Institute of Public Administration 2019-10-25 A45:W6/2017-18 GG34725 2019-10-25 2019-10-25 GG

Powered by Koha